[Event "Titled Tue 10th Jun Early"]
[Site "chess.com INT"]
[Date "2025.06.10"]
[Round "5"]
[White "Alothman , Ali Layth Ahmed"]
[Black "Barrientos, Ernesto"]
[Result "1-0"]
[WhiteTitle "FM"]
[BlackTitle "CM"]
[WhiteElo "2179"]
[BlackElo "2027"]
[WhiteFideId "4801920"]
[BlackFideId "3701247"]
[EventDate "2025.06.10"]

1. Nf3 c5 2. c4 Nc6 3. d4 cxd4 4. Nxd4 g6 5. e4 Bg7 6. Be3 Nf6 7. Nc3 d6 8. Be2
O-O 9. O-O Be6 10. h3 Rc8 11. Nxe6 fxe6 12. Rc1 Nd7 13. Qd2 Nce5 14. b3 Qe8 15.
f4 Nc6 16. Kh1 Qf7 17. e5 Rcd8 18. exd6 Nf6 19. c5 b6 20. Bf3 bxc5 21. Bxc5 exd6
22. Bxd6 Ne8 23. Nb5 Ne7 24. Qb4 Nxd6 25. Nxd6 Qxf4 26. Qxf4 Rxf4 27. Nc4 Nd5
28. Rfe1 Kf7 29. Bg4 Re8 30. Rcd1 Re7 31. Nd6+ Kf8 32. Bxe6 Nc3 33. Rc1 1-0

[Event "Titled Tue 10th Jun Early"]
[Site "chess.com INT"]
[Date "2025.06.10"]
[Round "5"]
[White "Bustelo, Tabare"]
[Black "Krutko, Anatoly"]
[Result "0-1"]
[WhiteTitle "CM"]
[BlackTitle "FM"]
[WhiteElo "2043"]
[BlackElo "2397"]
[WhiteFideId "3000362"]
[BlackFideId "4185862"]
[EventDate "2025.06.10"]

1. e4 g6 2. d4 Bg7 3. Nf3 d6 4. Bd3 Nf6 5. h3 O-O 6. O-O a6 7. a4 b6 8. c3 Nc6
9. Qc2 e5 10. d5 Ne7 11. Nbd2 Nh5 12. Nc4 h6 13. g4 Nf4 14. Bxf4 exf4 15. Nh2 g5
16. f3 Ng6 17. Kf2 Ne5 18. Nxe5 Bxe5 19. Rh1 Kg7 20. Nf1 Re8 21. Ke1 h5 22. Kd1
hxg4 23. hxg4 Rh8 24. Qg2 Bd7 25. Nd2 b5 26. a5 Rxh1+ 27. Qxh1 Qh8 28. Qxh8+
Rxh8 29. Kc2 Rh2 30. b4 Bc8 31. Re1 Bb7 32. Re2 Rh3 33. Rf2 c6 34. c4 Bd4 35.
dxc6 Bxc6 36. cxb5 axb5 37. Re2 Be3 38. Nb3 Rxf3 39. a6 Rh3 40. Na5 Ba8 41. Bxb5
Bxe4+ 42. Bd3 Bf3 43. Re1 Rh2+ 44. Kb3 Rd2 45. Bc4 d5 46. Bb5 d4 47. Bc6 Bxc6
48. Nxc6 d3 49. Rxe3 fxe3 50. a7 e2 51. a8=Q e1=Q 52. Kc4 Rc2+ 53. Kb5 d2 0-1

[Event "Titled Tue 10th Jun Early"]
[Site "chess.com INT"]
[Date "2025.06.10"]
[Round "5"]
[White "Tarnowska, Aleksandra"]
[Black "Bacus, Dharim"]
[Result "0-1"]
[WhiteTitle "WCM"]
[BlackTitle "FM"]
[WhiteElo "1882"]
[BlackElo "2131"]
[WhiteFideId "1180967"]
[BlackFideId "5201527"]
[EventDate "2025.06.10"]

1. e4 e5 2. Nf3 Nc6 3. Bb5 Nf6 4. O-O Be7 5. Re1 d6 6. h3 O-O 7. c3 a6 8. Ba4 b5
9. Bc2 Bb7 10. d4 exd4 11. cxd4 Nb4 12. Nbd2 Nxc2 13. Qxc2 c5 14. d5 Nd7 15. Nf1
c4 16. Ng3 Nc5 17. Nf5 Bf6 18. Bf4 Nd3 19. Bxd6 Nxe1 20. Rxe1 Re8 21. e5 Bg5 22.
h4 Bh6 23. Nxh6+ gxh6 24. Qf5 Bxd5 25. Nh2 Qc8 26. Qf6 Qe6 27. Qf4 Kh8 28. Ng4
Rg8 29. Nf6 Rxg2+ 30. Kf1 Qh3 31. Re3 Rg3+ 32. Ke2 Rxe3+ 33. fxe3 Qg2+ 34. Kd1
Qf3+ 35. Ke1 Qxf4 36. exf4 Kg7 37. Kf2 Be6 38. Ke3 Bf5 39. Kd4 Rc8 40. Nh5+ Kg6
41. Nf6 b4 42. h5+ Kg7 43. Be7 c3 44. bxc3 bxc3 45. Nd5 c2 46. Ba3 c1=Q 47. Bxc1
Rxc1 48. a4 Ra1 49. Ne7 Rxa4+ 50. Kd5 Be6+ 51. Kd6 Kf8 52. Nc6 Rxf4 53. Kc7 Rc4
54. Kb7 Rxc6 55. Ka7 a5 56. Kb8 a4 57. Kb7 Bd5 58. Kb8 a3 59. Kb7 a2 60. Kb8
a1=R 61. Kb7 Rb1+ 62. Ka8 Ra6# 0-1

[Event "Titled Tue 10th Jun Early"]
[Site "chess.com INT"]
[Date "2025.06.10"]
[Round "5"]
[White "Ambartsumova, Karina"]
[Black "Schnaider, Ilan"]
[Result "0-1"]
[WhiteTitle "IM"]
[BlackTitle "IM"]
[WhiteElo "2403"]
[BlackElo "2388"]
[WhiteFideId "4166299"]
[BlackFideId "169013"]
[EventDate "2025.06.10"]

1. Nf3 d5 2. c4 c6 3. e3 Nf6 4. Nc3 a6 5. d4 e6 6. b3 Bb4 7. Bd2 dxc4 8. bxc4
Nbd7 9. Be2 c5 10. O-O O-O 11. Qc2 cxd4 12. exd4 b6 13. Bg5 Bb7 14. Rfd1 Rc8 15.
Rac1 Bxf3 16. gxf3 Ba3 17. Rb1 Be7 18. Be3 b5 19. c5 Qa5 20. Kh1 e5 21. dxe5
Nxe5 22. Ne4 Ng6 23. c6 Ne5 24. Rg1 Rxc6 25. Nxf6+ Rxf6 26. Bd4 Bd6 27. Qe4 Re6
28. Rxg7+ Kxg7 29. f4 Qd2 30. Bd3 f5 31. Qg2+ Kf7 32. Qb7+ Be7 33. fxe5 Qxd3 34.
Be3 Qxb1+ 0-1

[Event "Titled Tue 10th Jun Early"]
[Site "chess.com INT"]
[Date "2025.06.10"]
[Round "5"]
[White "Fikiet, Alex"]
[Black "Ugorek, Kacper"]
[Result "1-0"]
[BlackTitle "CM"]
[WhiteElo "2151"]
[BlackElo "2262"]
[WhiteFideId "2052717"]
[BlackFideId "21890676"]
[EventDate "2025.06.10"]

1. e4 Nf6 2. e5 Nd5 3. d4 d6 4. c4 Nb6 5. f4 dxe5 6. fxe5 Nc6 7. Be3 Bf5 8. Nc3
e6 9. Nf3 Be7 10. d5 exd5 11. cxd5 Nb4 12. Nd4 Bg6 13. Bb5+ Kf8 14. O-O Kg8 15.
e6 N4xd5 16. Nxd5 Nxd5 17. exf7+ Bxf7 18. Rxf7 Kxf7 19. Qh5+ g6 20. Rf1+ Bf6 21.
Qh3 c6 22. Bc4 Qe7 23. Bxd5+ cxd5 24. Bg5 Rae8 25. Bxf6 Qxf6 26. Qd7+ Re7 27.
Qxd5+ Kg7 28. Rxf6 Kxf6 29. Nf3 Rhe8 30. h4 Kg7 31. Qd4+ Kg8 32. Qxa7 Rd8 33.
Qb6 Rd1+ 34. Kh2 Rdd7 35. a4 Kg7 36. b4 h6 37. a5 Kh7 38. b5 Rd3 39. Qf6 Rg7 40.
h5 Rdd7 41. hxg6+ Rxg6 42. Qf5 Rd6 43. Nh4 Kg7 44. Nxg6 Rxg6 45. Qxg6+ Kxg6 46.
a6 bxa6 47. bxa6 1-0

[Event "Titled Tue 10th Jun Early"]
[Site "chess.com INT"]
[Date "2025.06.10"]
[Round "5"]
[White "Pavlov, Nikolay"]
[Black "Ahmad, Khagan"]
[Result "0-1"]
[WhiteTitle "FM"]
[BlackTitle "IM"]
[WhiteElo "2316"]
[BlackElo "2394"]
[WhiteFideId "24141470"]
[BlackFideId "13431552"]
[EventDate "2025.06.10"]

1. e4 c5 2. Nf3 d6 3. d4 cxd4 4. Nxd4 Nf6 5. Nc3 a6 6. Be2 e5 7. Nb3 Be7 8. O-O
O-O 9. Qd3 Be6 10. Rd1 Nbd7 11. Nd5 Bxd5 12. exd5 Ne8 13. a4 f5 14. a5 Bg5 15.
c4 Rc8 16. Bd2 Bxd2 17. Nxd2 Qg5 18. b4 Nef6 19. Nf3 Qh5 20. Nd4 Ng4 21. Bxg4
Qxg4 22. Ne6 Rf6 23. Rac1 e4 24. Qg3 Qxg3 25. hxg3 Ne5 26. c5 dxc5 27. bxc5 Nd3
28. Rb1 Rf7 29. f3 Rd7 30. fxe4 fxe4 31. d6 h6 32. Nf4 Nxf4 33. gxf4 Rxc5 34.
Rb4 Rxa5 35. Rxe4 Rc5 36. Red4 Kf7 37. Kf2 b5 38. g4 a5 39. Kf3 b4 40. Ke4 Ke6
41. f5+ Kf6 42. Kf4 b3 43. Re1 b2 44. Rb1 Rb5 45. Rd2 Rb4+ 46. Kg3 Kg5 47. Rbxb2
Rxg4+ 48. Kh3 Rh4+ 49. Kg3 Rb4 50. Rbc2 Rb3+ 51. Kg2 Kxf5 52. Rc7 Rxc7 53. dxc7
Rc3 54. Rd7 g5 55. Rh7 Kg4 56. Rxh6 Rxc7 57. Ra6 Rc2+ 58. Kg1 Ra2 59. Rc6 a4 60.
Rc4+ Kf3 61. Rc3+ Ke4 62. Rc4+ Kd3 63. Rg4 a3 64. Rxg5 Re2 65. Ra5 a2 66. Kf1
Rh2 67. Ra3+ Kc4 68. Ra4+ Kb3 69. Ra7 a1=R+ 0-1

[Event "Titled Tue 10th Jun Early"]
[Site "chess.com INT"]
[Date "2025.06.10"]
[Round "5"]
[White "Shimanov, Aleksandr"]
[Black "Mohamed, Anees M"]
[Result "1-0"]
[WhiteTitle "GM"]
[BlackTitle "FM"]
[WhiteElo "2578"]
[BlackElo "2431"]
[WhiteFideId "4198603"]
[BlackFideId "35065815"]
[EventDate "2025.06.10"]

1. d4 d5 2. c4 e6 3. Nc3 a6 4. cxd5 exd5 5. Bf4 Nf6 6. e3 Bd6 7. Bxd6 Qxd6 8.
Bd3 O-O 9. h3 Nc6 10. Nf3 Ne7 11. Qc2 c6 12. Ne5 Ng6 13. f4 Qe7 14. O-O Ne8 15.
Rae1 Nd6 16. g4 Qh4 17. Kg2 Nxe5 18. dxe5 Nb5 19. Na4 f6 20. Nb6 Rb8 21. Bxb5
axb5 22. Nxc8 Rbxc8 23. e6 f5 24. gxf5 Qh5 25. e4 dxe4 26. Rxe4 Qxf5 27. e7 Rfe8
28. Rfe1 h6 29. Qc3 Rc7 30. Qe3 Qd5 31. Kg3 Qxa2 32. Re2 Qf7 33. Qc5 Rd7 34. Kh2
Qd5 35. Qe3 Qd3 36. Qg1 Qd6 37. Qe3 Kf7 38. Qb3+ Qd5 39. Qe3 Kg8 40. Re5 Qd4 41.
Qg3 Qd6 42. Qe3 Qf6 43. Re6 Qf5 44. Re5 Qf6 45. Qe4 Kf7 46. Re6 Qd4 47. Qg6+ Kg8
48. Qxe8+ 1-0

[Event "Titled Tue 10th Jun Early"]
[Site "chess.com INT"]
[Date "2025.06.10"]
[Round "5"]
[White "Sturt, Raven"]
[Black "Diao, Matthew Guo"]
[Result "0-1"]
[WhiteTitle "GM"]
[BlackTitle "CM"]
[WhiteElo "2459"]
[BlackElo "2244"]
[WhiteFideId "2007304"]
[BlackFideId "30970547"]
[EventDate "2025.06.10"]

1. f4 b6 2. e4 Bb7 3. Nc3 e6 4. Nf3 Bb4 5. Qe2 d6 6. Qb5+ Nc6 7. Nd4 Qd7 8. Nxc6
Bxc3 9. dxc3 Bxc6 10. Qg5 Ne7 11. Qxg7 O-O-O 12. Qd4 Rhg8 13. Be3 f5 14. e5 dxe5
15. Qxd7+ Rxd7 16. fxe5 Bxg2 17. Rg1 Bxf1 18. Rxg8+ Nxg8 19. Kxf1 Rd5 20. Kf2
Ne7 21. h4 Ng6 22. Rg1 Nxe5 23. Rg7 Ng4+ 24. Kf3 h5 25. Rh7 Kb7 26. Bg5 Rd1 27.
Rxh5 Rf1+ 28. Kg3 Rg1+ 29. Kf3 Rf1+ 30. Ke2 Rf2+ 31. Kd3 e5 32. Rh7 e4+ 33. Kc4
e3 34. Re7 f4 35. Re4 e2 36. Kd3 Ne3 37. Kd2 f3 38. Rxe3 Rf1 39. h5 Rd1# 0-1

[Event "Titled Tue 10th Jun Early"]
[Site "chess.com INT"]
[Date "2025.06.10"]
[Round "5"]
[White "Manvelyan, Mikayel"]
[Black "Bold, Andre"]
[Result "1/2-1/2"]
[WhiteTitle "FM"]
[BlackTitle "CM"]
[WhiteElo "2362"]
[BlackElo "2235"]
[WhiteFideId "13310143"]
[BlackFideId "16208471"]
[EventDate "2025.06.10"]

1. e4 c5 2. Nf3 Nc6 3. d4 cxd4 4. Nxd4 e5 5. Nb5 a6 6. Nd6+ Bxd6 7. Qxd6 Qf6 8.
Qxf6 Nxf6 9. Nc3 Nb4 10. Kd1 d5 11. a3 d4 12. axb4 dxc3 13. f3 cxb2 14. Bxb2 Nd7
15. c4 f6 16. c5 Rb8 17. Kc2 Nf8 18. Bc4 Be6 19. Kb3 Bxc4+ 20. Kxc4 Ne6 21. Rhd1
Ke7 22. Rd6 Rhd8 23. Rad1 Rxd6 24. Rxd6 Rc8 25. Ba3 Rc6 26. Rd2 Nd4 27. Bb2 Nb5
28. g3 Rc8 29. f4 exf4 30. gxf4 Rd8 31. Rxd8 Kxd8 32. f5 Kd7 33. e5 fxe5 34.
Bxe5 g6 35. fxg6 hxg6 36. Kd5 Na7 37. h4 Nc6 38. Bc3 Ke7 39. Kc4 Ke6 40. b5
axb5+ 41. Kxb5 Kd5 42. Kb6 Ne7 43. Be1 Nc6 44. Bf2 Nd8 45. Bg1 Ne6 46. Bf2 Nd8
47. Bg3 Ne6 48. Bd6 Nd8 49. Be7 Ne6 50. Bd6 Nd8 51. Bg3 Ne6 52. Bf2 Nd8 1/2-1/2

[Event "Titled Tue 10th Jun Early"]
[Site "chess.com INT"]
[Date "2025.06.10"]
[Round "5"]
[White "Sahbudak, Baris Cinar"]
[Black "Yushko, Olga"]
[Result "1-0"]
[WhiteTitle "CM"]
[BlackTitle "WFM"]
[WhiteElo "2072"]
[BlackElo "2033"]
[WhiteFideId "26351633"]
[BlackFideId "14114500"]
[EventDate "2025.06.10"]

1. e4 Nf6 2. e5 Nd5 3. c4 Nb6 4. d4 d6 5. f4 dxe5 6. fxe5 Bf5 7. Nc3 e6 8. Be3
Bb4 9. Nf3 c5 10. Be2 Nc6 11. O-O cxd4 12. Nxd4 Nxd4 13. Bxd4 Rc8 14. Nb5 a6 15.
Nd6+ Bxd6 16. exd6 Qxd6 17. c5 Rxc5 18. Bxc5 Qxc5+ 19. Kh1 O-O 20. Bf3 Rb8 21.
Rc1 Qb4 22. Rc7 h6 23. Bxb7 Qxb2 24. Qd6 Nc4 25. Qe7 Ne5 26. Bxa6 Qxa2 27. Bc8
Qe2 28. Rg1 Qf2 29. Qe8+ Kh7 30. Rcc1 Be4 31. Qa4 Bd5 32. Rcf1 1-0

[Event "Titled Tue 10th Jun Early"]
[Site "chess.com INT"]
[Date "2025.06.10"]
[Round "5"]
[White "Vogel, Roven"]
[Black "Nguyen Quang Anh"]
[Result "1-0"]
[WhiteTitle "GM"]
[BlackTitle "CM"]
[WhiteElo "2551"]
[BlackElo "2052"]
[WhiteFideId "12908088"]
[BlackFideId "12432377"]
[EventDate "2025.06.10"]

1. Nf3 Nf6 2. c4 g6 3. Nc3 Bg7 4. e4 d6 5. d4 Nbd7 6. Bd3 O-O 7. h3 e5 8. d5 Nc5
9. Bc2 a5 10. Be3 b6 11. Qd2 Ba6 12. b3 Ne8 13. g4 Bc8 14. O-O-O Bd7 15. Rhg1
Na6 16. h4 a4 17. h5 axb3 18. axb3 Nb4 19. Kb2 b5 20. cxb5 Rb8 21. Bd3 Nxd3+ 22.
Qxd3 Nf6 23. h6 Bh8 24. Nh2 Qe8 25. f3 Bxb5 26. Nxb5 Qxb5 27. Qxb5 Rxb5 28. Rc1
Rfb8 29. Rc3 Ne8 30. Ra1 f5 31. g5 fxe4 32. fxe4 Rb4 33. Ba7 R8b7 34. Re3 Kf7
35. Nf3 Ke7 36. Nd2 Kd7 37. Rf3 Ke7 38. Be3 c5 39. dxc6 Rc7 40. Raf1 d5 41. Rf7+
Kd8 42. Rxc7 Kxc7 43. exd5 e4+ 44. Kc2 Nd6 45. Rf8 Be5 46. Bc5 Rb5 47. b4 Nc4
48. Nxc4 1-0

[Event "Titled Tue 10th Jun Early"]
[Site "chess.com INT"]
[Date "2025.06.10"]
[Round "5"]
[White "Fiore, Mario Angelo"]
[Black "Nugumanov, Bakhtiyar"]
[Result "1-0"]
[WhiteTitle "FM"]
[BlackTitle "IM"]
[WhiteElo "2138"]
[BlackElo "2305"]
[WhiteFideId "800392"]
[BlackFideId "13701797"]
[EventDate "2025.06.10"]

1. e4 e6 2. d4 d5 3. e5 c5 4. c3 Nc6 5. Nf3 Bd7 6. Be2 Nge7 7. Na3 cxd4 8. cxd4
Nf5 9. Nc2 Nb4 10. Nxb4 Bxb4+ 11. Bd2 Qb6 12. Bxb4 Qxb4+ 13. Qd2 Qxd2+ 14. Kxd2
Ke7 15. g4 Nh6 16. h3 Rhc8 17. Bd3 Rc7 18. Rac1 Rac8 19. b3 f6 20. exf6+ gxf6
21. Bxh7 Kd6 22. Bd3 e5 23. Be2 e4 24. Nh4 f5 25. gxf5 Nxf5 26. Nxf5+ Bxf5 27.
Rxc7 Rxc7 28. h4 Rg7 29. h5 Rh7 30. Ke3 Ke6 31. Kf4 Kf6 32. Rc1 Be6 33. Rc3 Rf7
34. Rg3 Ke7+ 35. Ke3 Rf6 36. Rg5 Kd6 37. Rg6 Rxg6 38. hxg6 Ke7 39. Kf4 Kf6 40.
Bh5 b5 41. g7 Kxg7 42. Ke5 Bg8 43. Bg4 Kg6 44. Be6 Bxe6 45. Kxe6 Kg5 46. Kxd5
Kf4 47. Kc5 Kf3 48. d5 Kxf2 49. d6 e3 50. d7 e2 51. d8=Q e1=Q 52. Qh4+ Kf1 53.
Qxe1+ Kxe1 54. Kxb5 1-0

[Event "Titled Tue 10th Jun Early"]
[Site "chess.com INT"]
[Date "2025.06.10"]
[Round "5"]
[White "Otdelnov, Kirill"]
[Black "Grover, Sahaj"]
[Result "0-1"]
[WhiteTitle "FM"]
[BlackTitle "GM"]
[WhiteElo "2273"]
[BlackElo "2465"]
[WhiteFideId "24280216"]
[BlackFideId "5021103"]
[EventDate "2025.06.10"]

1. Nf3 Nf6 2. g3 g6 3. Bg2 Bg7 4. O-O O-O 5. d4 d5 6. c3 c6 7. Nbd2 Bf5 8. Nh4
Be6 9. Re1 Qb6 10. e4 dxe4 11. Nxe4 Nxe4 12. Bxe4 Nd7 13. Bg2 Nf6 14. Rxe6 fxe6
15. Qe2 c5 16. dxc5 Qxc5 17. Qxe6+ Kh8 18. Be3 Qd6 19. Qxd6 exd6 20. Rd1 d5 21.
h3 a6 22. Nf3 Rad8 23. Nd4 Rfe8 24. Nb3 Ne4 25. Bb6 Rd6 26. Bc7 Rf6 27. f3 Ng5
28. f4 Ne4 29. Kh2 Rc6 30. Ba5 Nf6 31. Nd4 Rd6 32. Bb4 Rd7 33. Bf3 h5 34. Kg2
Kg8 35. Kf2 Bf8 36. Bxf8 Kxf8 37. Nb3 b6 38. a4 Rde7 39. Rd4 Re1 40. a5 Rb1 41.
Rd2 bxa5 42. Nxa5 Ne4+ 43. Bxe4 dxe4 44. Nc4 Kg7 45. Ne5 Re7 46. Re2 Rb7 47.
Rxe4 R7xb2+ 48. Kf3 Rf1+ 49. Ke3 Re1+ 50. Kd3 Rxe4 51. Kxe4 a5 52. Nc4 a4 53.
Nxb2 a3 54. Nd3 a2 55. c4 a1=Q 56. c5 Qa8+ 57. Kd4 Qd8+ 58. Kc4 Qd7 59. Ne5 Qxh3
60. c6 Qxg3 61. c7 Qxf4+ 62. Kd5 Qf5 63. Kd6 Qc8 64. Nc6 Kf6 65. Ne7 Qe6+ 0-1

[Event "Titled Tue 10th Jun Early"]
[Site "chess.com INT"]
[Date "2025.06.10"]
[Round "5"]
[White "Sobek, Jaroslav"]
[Black "Birkisson, Bjorn Holm"]
[Result "0-1"]
[WhiteTitle "FM"]
[BlackTitle "CM"]
[WhiteElo "2195"]
[BlackElo "2128"]
[WhiteFideId "301388"]
[BlackFideId "2310600"]
[EventDate "2025.06.10"]

1. d4 Nf6 2. c4 e6 3. Bf4 Bb4+ 4. Nd2 Nc6 5. Nf3 O-O 6. a3 Bxd2+ 7. Qxd2 d6 8.
Qc2 a5 9. e3 Re8 10. Bg5 e5 11. d5 Nb8 12. Bd3 h6 13. Bxf6 Qxf6 14. O-O a4 15.
Nd2 Nd7 16. Ne4 Qe7 17. Nc3 Nc5 18. Bf5 Bxf5 19. Qxf5 g6 20. Qh3 Kg7 21. e4 h5
22. Rad1 Qg5 23. Rfe1 Rf8 24. Qf3 f5 25. exf5 gxf5 26. Qg3 Qg4 27. Nb5 Rf7 28.
h3 Qxg3 29. fxg3 Ne4 30. Re3 Nc5 31. Rf1 Raf8 32. Kh2 Kh6 33. Rf2 Ne4 34. Rf1
Nd2 35. Rc1 Nb3 36. Rd1 f4 37. gxf4 Rxf4 38. Nxc7 Rxc4 39. Re2 Rxc7 40. Rde1 Nd4
41. Re4 Rf2 0-1

[Event "Titled Tue 10th Jun Early"]
[Site "chess.com INT"]
[Date "2025.06.10"]
[Round "5"]
[White "Nazin, Roman"]
[Black "Simonovic, Miroslav"]
[Result "1/2-1/2"]
[WhiteTitle "CM"]
[BlackTitle "CM"]
[WhiteElo "2250"]
[BlackElo "2092"]
[WhiteFideId "4137167"]
[BlackFideId "919152"]
[EventDate "2025.06.10"]

1. d4 Nf6 2. Nf3 c5 3. d5 b5 4. a4 bxa4 5. Nc3 d6 6. e4 Nbd7 7. Rxa4 g6 8. Be2
Bg7 9. O-O O-O 10. h3 Nb6 11. Ra3 a5 12. Re1 Nfd7 13. Bf1 Ba6 14. Bxa6 Rxa6 15.
Qe2 Qa8 16. Bg5 Re8 17. Nb5 Qb7 18. c4 Raa8 19. Nd2 a4 20. Rb1 Ne5 21. b3 axb3
22. Raxb3 h6 23. Nxd6 exd6 24. Rxb6 Qd7 25. Be3 Ra3 26. R6b3 Qa4 27. Rxa3 Qxa3
28. Kh2 Ra8 29. Qd1 Qa2 30. Qb3 Qxb3 31. Rxb3 Ra4 32. Rb8+ Kh7 33. Rd8 Nxc4 34.
Nxc4 Rxc4 35. f3 Be5+ 36. f4 Rxe4 37. fxe5 Rxe3 38. exd6 Rd3 39. Rc8 Rxd5 40.
Rxc5 Rxd6 41. Kg3 Kg7 42. h4 h5 43. Kh3 Rd3+ 44. g3 Ra3 45. Kg2 f6 46. Rc7+ 1/2-1/2

[Event "Titled Tue 10th Jun Early"]
[Site "chess.com INT"]
[Date "2025.06.10"]
[Round "5"]
[White "Burmakin, Evgeniy"]
[Black "Iljin, Timofey"]
[Result "0-1"]
[WhiteTitle "FM"]
[BlackTitle "IM"]
[WhiteElo "2110"]
[BlackElo "2242"]
[WhiteFideId "4163729"]
[BlackFideId "14110180"]
[EventDate "2025.06.10"]

1. e4 e6 2. d4 d5 3. Nc3 Nc6 4. Nf3 Nf6 5. Bd3 Bb4 6. e5 Ne4 7. O-O Nxc3 8. bxc3
Bxc3 9. Ba3 Bb4 10. Qc1 Bxa3 11. Qxa3 Qe7 12. Qc1 h6 13. Rb1 Na5 14. Qf4 Bd7 15.
Qg4 Kf8 16. Nd2 Nc4 17. Nxc4 dxc4 18. Bxc4 Bc6 19. f4 h5 20. Qh3 g6 21. Qe3 Kg7
22. Bb3 Rad8 23. Rbd1 b5 24. Qc3 Bb7 25. Qa5 c5 26. Qxb5 cxd4 27. Rd3 h4 28. h3
Be4 29. Rd2 Bd5 30. Rxd4 Bxb3 31. Rxd8 Rxd8 32. axb3 Rd2 33. Rf2 Rd1+ 34. Rf1
Rd5 35. Qe2 Qc5+ 36. Qf2 Qe7 37. c4 Rd3 38. Rb1 Rg3 39. Qe2 Qb4 40. Qf2 a5 0-1

[Event "Titled Tue 10th Jun Early"]
[Site "chess.com INT"]
[Date "2025.06.10"]
[Round "5"]
[White "Zeliantsova, Kseniya"]
[Black "Karvatskyi, Oleksii"]
[Result "1-0"]
[WhiteTitle "WFM"]
[BlackTitle "CM"]
[WhiteElo "2062"]
[BlackElo "2258"]
[WhiteFideId "13512617"]
[BlackFideId "14191059"]
[EventDate "2025.06.10"]

1. e4 c5 2. Nf3 d6 3. Bb5+ Bd7 4. Bxd7+ Nxd7 5. O-O Ngf6 6. Re1 g6 7. c3 c4 8.
Qa4 Qc7 9. Na3 Rc8 10. e5 dxe5 11. Nxe5 Bg7 12. Nexc4 O-O 13. Ne3 Nc5 14. Qc2 e5
15. b4 Ne6 16. Bb2 Qe7 17. Qb3 Nh5 18. c4 Nd4 19. Bxd4 exd4 20. Nd5 Qg5 21. Rad1
Rce8 22. Qd3 Nf4 23. Nxf4 Qxf4 24. Nc2 h5 25. g3 Qg4 26. Kg2 h4 27. h3 Qg5 28.
Re4 hxg3 29. fxg3 Rxe4 30. Qxe4 Rd8 31. Qf4 Qh5 32. Rf1 Rd7 33. Rf2 Qd1 34. Qe4
Rd8 35. d3 f5 36. Qe6+ Kh7 37. Ne1 Qa4 38. Nf3 Re8 39. Ng5+ Kh6 40. Nf7+ Kh7 41.
Qd6 Rf8 42. Ng5+ Kh6 43. Qf4 Qc6+ 44. Kh2 Be5 45. Nf7+ Kg7 46. Nxe5 1-0

[Event "Titled Tue 10th Jun Early"]
[Site "chess.com INT"]
[Date "2025.06.10"]
[Round "5"]
[White "Gu, Xiaobing"]
[Black "Sheremetev, Vladislav"]
[Result "0-1"]
[WhiteTitle "WGM"]
[BlackTitle "CM"]
[WhiteElo "2148"]
[BlackElo "2133"]
[WhiteFideId "8602611"]
[BlackFideId "54188300"]
[EventDate "2025.06.10"]

1. e4 c5 2. Nf3 d6 3. d4 cxd4 4. Nxd4 Nf6 5. Nc3 a6 6. Be3 e5 7. Nb3 Be7 8. f3
Be6 9. Qd2 h5 10. Nd5 Nxd5 11. exd5 Bf5 12. Bd3 Bxd3 13. Qxd3 Nd7 14. O-O-O Bg5
15. Kb1 Bxe3 16. Qxe3 O-O 17. h4 Rc8 18. g4 hxg4 19. fxg4 Rc4 20. g5 f5 21. g6
Rg4 22. Rdg1 f4 23. Qh3 Rxg1+ 24. Rxg1 Qe7 25. h5 f3 26. h6 f2 27. Rf1 gxh6 28.
Qxh6 e4 29. Nd4 e3 30. g7 Qxg7 31. Qe6+ Rf7 32. Qe8+ Nf8 33. Qxe3 Qe5 34. Qd2
Qxd5 35. a4 Qg2 36. Qd3 Ng6 37. Ne6 Ne5 38. Qe2 Ng4 39. Ng5 Re7 40. Qc4+ d5 41.
Qc8+ Kg7 42. Qc3+ Kg6 43. Qd3+ Kxg5 0-1

[Event "Titled Tue 10th Jun Early"]
[Site "chess.com INT"]
[Date "2025.06.10"]
[Round "5"]
[White "Mekhitarian, Krikor Sevag"]
[Black "Kulnev, Aleksandr"]
[Result "1-0"]
[WhiteTitle "GM"]
[BlackTitle "CM"]
[WhiteElo "2564"]
[BlackElo "2213"]
[WhiteFideId "2107660"]
[BlackFideId "54157544"]
[EventDate "2025.06.10"]

1. Nf3 Nf6 2. c4 c5 3. Nc3 Nc6 4. d4 cxd4 5. Nxd4 e6 6. Bf4 Bb4 7. Nb5 O-O 8. a3
Bxc3+ 9. Nxc3 d5 10. e3 e5 11. Bg5 d4 12. Nd5 dxe3 13. Nxf6+ gxf6 14. Bxe3 Qxd1+
15. Rxd1 Be6 16. Be2 f5 17. f4 e4 18. b4 Rfd8 19. Kf2 Rdc8 20. h3 Ne7 21. Rc1 a5
22. b5 Kf8 23. Rhd1 Ke8 24. a4 Ng8 25. g4 Nf6 26. g5 Nd7 27. c5 Bb3 28. c6 Bxd1
29. cxd7+ Kxd7 30. Rxd1+ Ke6 31. Bd4 Rc2 32. Ke3 Rd8 33. h4 Rd6 34. h5 Kd7 35.
b6 Kc8 36. Bb5 Ra2 37. Rc1+ Kd8 38. Bf6+ Rxf6 39. gxf6 Ra3+ 40. Kd4 1-0

[Event "Titled Tue 10th Jun Early"]
[Site "chess.com INT"]
[Date "2025.06.10"]
[Round "5"]
[White "Aarit Kapil"]
[Black "Katishonok, Nikolaj"]
[Result "1/2-1/2"]
[WhiteTitle "CM"]
[BlackTitle "FM"]
[WhiteElo "2078"]
[BlackElo "2004"]
[WhiteFideId "33408947"]
[BlackFideId "11600225"]
[EventDate "2025.06.10"]

1. Nf3 Nf6 2. g3 d5 3. Bg2 g6 4. O-O Bg7 5. d4 O-O 6. c4 dxc4 7. Nc3 c6 8. e4 b5
9. Ne5 Bb7 10. f4 Nfd7 11. a4 b4 12. Ne2 Nxe5 13. dxe5 a5 14. Be3 Qc7 15. Qe1 c5
16. Qf2 Nd7 17. Rfd1 Rfc8 18. Rac1 Ba6 19. Bh3 e6 20. Rd2 Nb6 21. Rcd1 c3 22.
bxc3 Nxa4 23. Rd7 Qc6 24. f5 exf5 25. exf5 Bb7 26. Rxb7 Qxb7 27. f6 Rd8 28.
Rxd8+ Rxd8 29. fxg7 Rd1+ 30. Bf1 Nxc3 31. Nxc3 bxc3 32. e6 Kxg7 33. Bh6+ Kxh6
34. exf7 Rd8 35. f8=Q+ Rxf8 36. Qxf8+ Qg7 37. Qxc5 Qf6 38. Qxa5 Qd4+ 39. Kh1
Qe4+ 40. Kg1 Qd4+ 41. Kh1 Qe4+ 42. Kg1 Qd4+ 1/2-1/2

[Event "Titled Tue 10th Jun Early"]
[Site "chess.com INT"]
[Date "2025.06.10"]
[Round "5"]
[White "Sarkar, Justin"]
[Black "Schut, Han"]
[Result "1-0"]
[WhiteTitle "IM"]
[BlackTitle "CM"]
[WhiteElo "2284"]
[BlackElo "2088"]
[WhiteFideId "2010011"]
[BlackFideId "1005561"]
[EventDate "2025.06.10"]

1. Nf3 Nf6 2. c4 g6 3. Nc3 d5 4. cxd5 Nxd5 5. g3 c5 6. Bg2 Nc7 7. d4 cxd4 8.
Qxd4 Qxd4 9. Nxd4 Bg7 10. Ndb5 Nxb5 11. Nxb5 Na6 12. O-O O-O 13. Rd1 Nb4 14. Bg5
f6 15. Bf4 e5 16. Bd2 Nc6 17. Bc3 a6 18. Nd6 h6 19. Bd5+ Kh7 20. Bxc6 bxc6 21.
Nxc8 Rfxc8 22. Rd7 Rd8 23. Rad1 Rxd7 24. Rxd7 a5 25. a4 Ra6 26. f4 Kg8 27. fxe5
fxe5 28. Kf2 c5 29. Ke3 h5 30. Rc7 Bh6+ 31. Ke4 Rf6 32. Bxe5 Rf2 33. Kd3 Rxh2
34. Rxc5 Rh3 35. Ke4 h4 36. gxh4 Rxh4+ 37. Kd5 Rxa4 38. e4 Bg7 39. Rc8+ Kh7 40.
Rc7 1-0